Capital of Chilean Regions - Statistics

General Stats
  • This quiz has been taken 103 times
  • The average score is 13 of 16
Answer Stats
Regions Capital % Correct
Metropolitan Santiago
98%
Antofagasta Antofagasta
96%
Valparaíso Valparaíso
93%
Arica and Parinacota Arica
91%
Magallanes Punta Arenas
87%
Biobío Concepción
84%
Coquimbo La Serena
82%
Araucanía Temuco
80%
Atacama Copiapó
78%
Los Ríos Valdivia
78%
Tarapacá Iquique
76%
Los Lagos Puerto Montt
76%
Maule Talca
76%
Ñuble Chillán
75%
O'Higgins Rancagua
71%
Aysén Coyhaique
58%
No matching quizzes found
Score Distribution
Percent of People with Each Score
Percentile by Number Answered
Your Score History
You have not taken this quiz